|
|
|
|
| LEADER |
00829nam a22002652a 4500 |
| 001 |
000044966 |
| 003 |
CZ BrMZK |
| 005 |
19951201143423.0 |
| 008 |
951201s1993 xxk f eng d |
| 020 |
|
|
|a 0-19-453267-4
|
| 040 |
|
|
|a BOA001
|b cze
|
| 080 |
|
|
|a 802.0(075)
|2 MRF
|
| 100 |
1 |
|
|a O'Neill, Robert,
|d 1933-2014
|7 jn20000604274
|
| 245 |
1 |
0 |
|a Success at first certificate.
|n [Vol.3.],
|p Workbook /
|c Robert O¸Neill, Michael Duckworth & Kathy Gude
|
| 246 |
3 |
0 |
|a Workbook
|
| 250 |
|
|
|a 3.impression
|
| 260 |
|
|
|a Oxford :
|b Oxford University Press,
|c 1993
|
| 300 |
|
|
|a 92 s.
|
| 700 |
1 |
|
|a Duckworth, Michael
|7 xx0015725
|
| 700 |
1 |
|
|a Gude, Kathy
|7 xx0018636
|
| 910 |
|
|
|a BOA001
|b PK-N-0030.880,3
|
| 964 |
|
|
|a Angličtina - konverzace - příručky
|
| 964 |
|
|
|a Angličtina - metodiky
|
| 964 |
|
|
|a Angličtina - učebnice
|
| 990 |
|
|
|a BK
|